000 00419nam a2200157 i 4500
001 85923
003 ES-MaACL
005 20230906175333.0
007 t|
008 041202s1931 fr ||||1| fre d
100 1 _aKagawa, Toyohiko.
_967406
245 1 0 _aAvant l'aube
_b: roman /
_cToyohiko Kagawa.
260 _aParis :
_bJe Sers,
_c[1931]
300 _a2 v. :
_bretr. aut. ;
_c22 cm.
852 _aES-MaACL
_jC-4651-52
999 _c85923
_d85923